Brazil's Top 100 Footballers - Statistics

General Stats
  • This quiz has been taken 63 times
  • The average score is 34 of 100
Answer Stats
Value
(mil)
Player Club % Correct
90 Raphinha Barcelona
92%
90 Rodrygo Real Madrid
92%
170 Vinicius Jr Real Madrid
92%
75 Gabriel Magalhaes Arsenal
85%
50 Ederson Atalanta
83%
20 Ederson Man City
83%
80 Bruno Guimaraes Newcastle
81%
55 Gabriel Martinelli Arsenal
79%
15 Igor Jesus Nottingham
77%
60 Matheus Cunha Man United
77%
20 Alisson Liverpool
75%
35 Marquinhos PSG
75%
13 Jair Cunha Nottingham
73%
30 Eder Militao Real Madrid
71%
10 Casemiro Man United
69%
35 Endrick Real Madrid
69%
32 Gabriel Jesus Arsenal
67%
28 Lucas Paqueta West Ham
67%
50 Bremer Juventus
65%
50 Joao Pedro Chelsea
65%
60 Estevao Chelsea
63%
35 Joelinton Newcastle
63%
50 Savinho Man City
62%
35 Antony Man United
60%
12 Neymar Santos
60%
20 Richarlison Tottenham
60%
55 Murillo Nottingham
58%
30 Douglas Luiz Juventus
52%
10 Fred Fenerbahce
52%
22 Pedro Flamengo
52%
10 Luiz Junior Villareal
50%
25 Lucas Beraldo PSG
48%
28 Danilo Botafogo
46%
35 Evanilson Bournemouth
42%
28 Andre Wolves
40%
35 Andrey Santos Chelsea
40%
26 Carlos Augusto Inter Milan
40%
20 Igor Brighton
40%
18 Igor Thiago Brentford
38%
40 Joao Gomes Wolves
37%
22 Malcom Al Hilal
33%
20 Yan Couto Dortmund
33%
15 Fabinho Al Ittihad
31%
18 Andreas Pereira Fulham
27%
15 Caio Henrique Monaco
27%
30 David Neres Napoli
27%
25 Luis Henrique Inter Milan
27%
25 Luiz Henrique Zenit
27%
10 Marlon Gomes Shakhtar
27%
20 Vitor Roque Palmeiras
25%
20 Wesley Roma
25%
20 Alexsandro Lille
23%
25 Gerson Zenit
23%
11 Matheus Pereira Cruzeiro
23%
20 Vanderson Monaco
23%
35 Igor Paixao Marseille
21%
20 Rodrigo Muniz Fulham
21%
11 Bento Al Nassr
19%
24 Dodo Fiorentina
19%
30 Vitor Reis Girona
19%
10 Hugo Souza Corinthians
17%
22 Pepe Porto
17%
13 Renan Lodi Al Hilal
17%
17 Roger Ibanez Al Ahli
17%
22 Yuri Alberto Corinthians
17%
18 Marcos Leonardo Al Hilal
15%
24 Galeno Al Ahli
13%
12 Kevin Shakhtar
13%
15 Claudinho Al Sadd
12%
10 Lucas Perri Leeds
12%
10 Matheus Franca Crystal Palace
12%
16 Paulinho Palmeiras
12%
15 Vini Souza Wolfsburg
12%
22 Gabriel Sara Galatasaray
10%
15 Luis Guilherme West Ham
10%
10 Talisca Fenerbahce
10%
10 Guilherme Arana Mineiro
8%
10 Otavio Paris FC
8%
15 Raphael Veiga Palmeiras
8%
14 Rayan Vasco da Gama
8%
12 Gabriel Carvalho Al Qadsiah
6%
13 Leo Ortiz Flamengo
6%
12 Mauro Junior PSV
6%
14 Morato Nottingham
6%
11 Romulo RB Leipzig
6%
22 Samuel Lino Flamengo
6%
18 Wendel Zenit
6%
10 Arthur Cabral Botafogo
4%
12 Bitello Dynamo Moscow
4%
12 Breno Bidon Corinthians
4%
10 Gabriel Pec LA Galaxy
4%
10 Gustavo Nunes Brentford
4%
11 Nino Zenit
4%
11 Tete Panathinaikos
4%
14 Evander Cincinnati
2%
11 Kaua Elias Shakhtar
2%
11 Lorran Flamengo
2%
11 Mauricio Palmeiras
2%
15 Tuta Al Duhail
2%
12 Vitao Internacional
2%
No matching quizzes found
Score Distribution
Percent of People with Each Score
Percentile by Number Answered
Your Score History
You have not taken this quiz